[Event "Ville d'Orsay online Blitz"]
[Site "Europe Echecs INT"]
[Date "2021.02.07"]
[Round "9"]
[White "Jouneau, Quentin"]
[Black "Mendez Machado, Andre"]
[Result "0-1"]
[WhiteElo "1978"]
[BlackElo "1651"]
[PlyCount "142"]
[EventDate "2021.02.07"]
[EventType "swiss (blitz)"]
[EventRounds "11"]
[EventCountry "FRA"]
[SourceTitle "CBM 200 Extra"]
[Source "ChessBase"]
[SourceDate "2021.03.31"]
[SourceVersion "1"]
[SourceVersionDate "2021.03.31"]
[SourceQuality "1"]

1. e4 e5 2. Nf3 Nc6 3. d4 exd4 4. c3 d3 5. Bxd3 Bc5 6. 0-0 d6 7. b4 Bb6 8. a4 a6 9. Na3 Nf6 10. Nc4 Ba7 11. Bg5 h6 12. Bh4 0-0 13. Bc2 Be6 14. Qd3 Bxc4 15. Qxc4 Ne5 16. Nxe5 dxe5 17. Rad1 Qe7 18. Bxf6 Qxf6 19. Qxc7 Bb6 20. Qxb7 Rab8 21. Qxa6 Bxf2+ 22. Rxf2 Qxa6 23. b5 Qb6 24. Rdf1 Rbd8 25. Kh1 Rc8 26. Rf3 f6 27. Bb3+ Kh7 28. c4 Rfd8 29. Ra1 Qa5 30. Rc1 Rc5 31. h4 Rd2 32. h5 Rc8 33. c5 Qb4 34. Rc4 Qa5 35. c6 Qb6 36. Rc1 Rd4 37. Ra1 Ra8 38. Rc3 Qc7 39. Bc2 Kh8 40. Rb1 Qa5 41. Rbb3 Rxa4 42. b6 Rb4 43. b7 Rxb3 44. bxa8Q+ Qxa8 45. Rxb3 Qxc6 46. Rb8+ Kh7 47. Bb3 Qc1+ 48. Kh2 g5 49. Rb7+ Kh8 50. Rb8+ Kg7 51. Rb7+ Kf8 52. Rf7+ Ke8 53. Rxf6 g4 54. Be6 Ke7 55. Rg6 Qf4+ 56. Kg1 g3 57. Rg7+ Kxe6 58. Rg6+ Kd7 59. Rxg3 Qxg3 60. Kh1 Kd6 61. Kg1 Kc5 62. Kh1 Kd4 63. Kg1 Kxe4 64. Kh1 Qg4 65. g3 Qxh5+ 66. Kg2 Qf3+ 67. Kh3 h5 68. Kh2 Qf2+ 69. Kh3 Kf3 70. Kh4 Qxg3+ 71. Kxh5 Kf4 0-1

[Event "Ville d'Orsay online Blitz"]
[Site "Europe Echecs INT"]
[Date "2021.02.07"]
[Round "2"]
[White "Vakhidov, Jahongir"]
[Black "Jouneau, Quentin"]
[Result "1-0"]
[WhiteElo "2533"]
[BlackElo "1978"]
[PlyCount "39"]
[EventDate "2021.02.07"]
[EventType "swiss (blitz)"]
[EventRounds "11"]
[EventCountry "FRA"]
[SourceTitle "CBM 200 Extra"]
[Source "ChessBase"]
[SourceDate "2021.03.31"]
[SourceVersion "1"]
[SourceVersionDate "2021.03.31"]
[SourceQuality "1"]

1. c4 Nf6 2. Nc3 g6 3. g3 Bg7 4. Bg2 0-0 5. d4 d6 6. Nf3 Re8 7. 0-0 e5 8. dxe5 dxe5 9. Qxd8 Rxd8 10. Nxe5 Re8 11. Nd3 c6 12. Bd2 Bf5 13. Rfe1 Na6 14. Rad1 Rad8 15. Bf1 Bxd3 16. exd3 Nb4 17. Rxe8+ Nxe8 18. Ne4 Nxd3 19. Bc3 f5 20. Ng5 1-0

[Event "FRA-ch Blitz Online Qual"]
[Site "Europe Echecs INT"]
[Date "2020.05.16"]
[Round "15"]
[White "Jouneau, Quentin"]
[Black "Villeneuve, Samuel"]
[Result "1/2-1/2"]
[WhiteElo "2018"]
[BlackElo "1807"]
[PlyCount "100"]
[EventDate "2020.05.16"]
[EventType "swiss (blitz)"]
[EventRounds "15"]
[EventCountry "FRA"]
[SourceTitle "CBM 196 Extra"]
[Source "ChessBase"]
[SourceDate "2020.07.31"]
[SourceVersion "1"]
[SourceVersionDate "2020.07.31"]
[SourceQuality "1"]

1. e4 c5 2. Nf3 Nc6 3. Nc3 e6 4. d4 cxd4 5. Nxd4 Nf6 6. Be3 Bb4 7. Qd3 d5 8. Nxc6 bxc6 9. f3 0-0 10. Be2 c5 11. a3 Bxc3+ 12. bxc3 c4 13. Qd4 Bd7 14. 0-0 Qa5 15. e5 Ne8 16. f4 Nc7 17. Qc5 Qxc5 18. Bxc5 Rfc8 19. Rfb1 Nb5 20. Bd4 Nxd4 21. cxd4 Rab8 22. c3 Ba4 23. Rb4 Bb3 24. Bd1 a5 25. Rxb8 Rxb8 26. Rb1 a4 27. Kf2 Kf8 28. Ke3 g6 29. Kd2 Ke7 30. Be2 Kd8 31. g4 Kc7 32. h4 Ba2 33. Rxb8 Kxb8 34. h5 Bb1 35. Ke3 Kc7 36. Kf3 Bc2 37. Kg3 Kd7 38. Kh4 Ke7 39. Kg5 Bb3 40. Kh6 gxh5 41. gxh5 Bc2 42. Kg7 Ke8 43. h6 Ke7 44. Bh5 Bg6 45. Bxg6 fxg6 46. Kxh7 Kf7 47. Kh8 Kf8 48. Kh7 Kf7 49. Kh8 Kf8 50. Kh7 Kf7 1/2-1/2

[Event "Rennes op 5th"]
[Site "Rennes"]
[Date "2012.07.10"]
[Round "6"]
[White "Mahe, Romain"]
[Black "Jouneau, Quentin"]
[Result "1/2-1/2"]
[WhiteElo "1934"]
[BlackElo "2026"]
[PlyCount "66"]
[EventDate "2012.07.07"]
[EventType "swiss"]
[EventRounds "9"]
[EventCountry "FRA"]
[SourceTitle "CBM 149 Extra"]
[Source "ChessBase"]
[SourceDate "2012.08.24"]
[SourceVersion "1"]
[SourceVersionDate "2012.08.24"]
[SourceQuality "1"]

1. e4 Nf6 2. Nc3 d5 3. exd5 Nxd5 4. Bc4 c6 5. d4 Nxc3 6. bxc3 Bf5 7. Nf3 e6 8. 0-0 Bd6 9. Re1 0-0 10. Ng5 Qc7 11. h3 Nd7 12. Bd3 Bxd3 13. cxd3 c5 14. dxc5 Bxc5 15. Qb3 Nf6 16. Ne4 Nxe4 17. Rxe4 Rfd8 18. Bf4 Qc6 19. Qc2 Rd7 20. Be3 Bxe3 21. fxe3 Rad8 22. Rc4 Qd5 23. Rd4 Qc5 24. Qd2 g6 25. Rb1 b6 26. Rbb4 a5 27. Rxd7 Rxd7 28. Rd4 Rxd4 29. exd4 Qd5 30. Qb2 b5 31. Qf2 e5 32. dxe5 Qxd3 33. Qb6 a4 1/2-1/2

[Event "Rennes op 5th"]
[Site "Rennes"]
[Date "2012.07.08"]
[Round "4"]
[White "Le Goff, Damien"]
[Black "Jouneau, Quentin"]
[Result "1-0"]
[WhiteElo "2303"]
[BlackElo "2026"]
[PlyCount "115"]
[EventDate "2012.07.07"]
[EventType "swiss"]
[EventRounds "9"]
[EventCountry "FRA"]
[SourceTitle "CBM 149 Extra"]
[Source "ChessBase"]
[SourceDate "2012.08.24"]
[SourceVersion "1"]
[SourceVersionDate "2012.08.24"]
[SourceQuality "1"]

1. e4 Nf6 2. e5 Nd5 3. c4 Nb6 4. d4 d6 5. exd6 cxd6 6. Nc3 Nc6 7. h3 Bf5 8. Be3 e5 9. d5 Nb8 10. Nf3 N8d7 11. Be2 Be7 12. 0-0 0-0 13. b4 Rc8 14. Qb3 Bg6 15. a4 e4 16. Nd2 Bg5 17. Bxg5 Qxg5 18. Ndxe4 Bxe4 19. Nxe4 Qe5 20. Ng3 Qf4 21. Rac1 Nxd5 22. Bf3 N5b6 23. Bxb7 Rxc4 24. Rxc4 Qxc4 25. Qxc4 Nxc4 26. Rc1 Rb8 27. Ba6 Nce5 28. Nf5 g6 29. Rc8+ Rxc8 30. Ne7+ Kf8 31. Nxc8 Nb6 32. Nxd6 Nxa4 33. Nc8 Nb6 34. Nxa7 Ke8 35. Bb5+ Kd8 36. Nc6+ Nxc6 37. Bxc6 Kc7 38. Bf3 Nc8 39. Be2 Na7 40. Bc4 Nc6 41. b5 Nd4 42. Kh2 f6 43. Kg3 Kb6 44. Kg4 Kc5 45. Bg8 h5+ 46. Kf4 Nf5 47. Bf7 Ne7 48. Be8 g5+ 49. Ke3 Nf5+ 50. Kd3 h4 51. Bc6 Nd6 52. Bd7 Nc4 53. Ke4 Nd6+ 54. Kf3 f5 55. g3 g4+ 56. hxg4 h3 57. gxf5 h2 58. Kg2 1-0

[Event "Rohde op 09th"]
[Site "Sautron"]
[Date "2009.10.26"]
[Round "3"]
[White "Lagarde, Maxime"]
[Black "Jouneau, Quentin"]
[Result "1-0"]
[WhiteElo "2398"]
[BlackElo "2025"]
[PlyCount "57"]
[EventDate "2009.10.24"]
[EventType "swiss"]
[EventRounds "9"]
[EventCountry "FRA"]
[SourceTitle "EXT 2010"]
[Source "ChessBase"]
[SourceDate "2010.11.25"]
[SourceVersion "1"]
[SourceVersionDate "2010.11.25"]
[SourceQuality "1"]

1. e4 Nf6 2. e5 Nd5 3. d4 d6 4. Nf3 Nc6 5. c4 Nb6 6. e6 fxe6 7. Nc3 e5 8. d5 Nd4 9. Nxd4 exd4 10. Qxd4 e5 11. Qe4 g6 12. Bd3 Bf5 13. Qe2 Bxd3 14. Qxd3 Qh4 15. Ne4 Be7 16. 0-0 0-0 17. Be3 Nd7 18. Rfe1 Rf5 19. f3 Rh5 20. h3 Rf5 21. Qb3 b6 22. Qb5 Nf6 23. Bf2 Qh6 24. Qc6 Rf8 25. Ng3 Bd8 26. b4 Qd2 27. a3 Qb2 28. Nxf5 gxf5 29. c5 1-0

[Event "Rennes op 2nd"]
[Site "Rennes"]
[Date "2009.07.19"]
[Round "5"]
[White "Andonov, Bogomil"]
[Black "Jouneau, Quentin"]
[Result "1-0"]
[WhiteElo "2311"]
[BlackElo "2007"]
[PlyCount "47"]
[EventDate "2009.07.15"]
[EventType "swiss"]
[EventRounds "9"]
[EventCountry "FRA"]
[SourceTitle "EXT 2011"]
[Source "ChessBase"]
[SourceDate "2010.11.26"]
[SourceVersion "1"]
[SourceVersionDate "2010.11.26"]
[SourceQuality "1"]

1. Nf3 Nf6 2. c4 c6 3. d4 d5 4. cxd5 cxd5 5. Nc3 Nc6 6. Bf4 a6 7. Rc1 Bf5 8. e3 e6 9. Be2 Be7 10. Qb3 Na5 11. Qa4+ Nc6 12. Ne5 Qb6 13. Nxc6 bxc6 14. a3 0-0 15. b4 Rfc8 16. 0-0 Ne8 17. Qb3 Bd6 18. Bxd6 Nxd6 19. Na4 Qb8 20. Qc3 a5 21. bxa5 Nc4 22. Qb4 Qc7 23. Nb6 Rcb8 24. Nxa8 1-0

[Event "Rennes op 2nd"]
[Site "Rennes"]
[Date "2009.07.18"]
[Round "4"]
[White "Jouneau, Quentin"]
[Black "Heyman, Jacques"]
[Result "1-0"]
[WhiteElo "2007"]
[BlackElo "1855"]
[PlyCount "61"]
[EventDate "2009.07.15"]
[EventType "swiss"]
[EventRounds "9"]
[EventCountry "FRA"]
[SourceTitle "EXT 2011"]
[Source "ChessBase"]
[SourceDate "2010.11.26"]
[SourceVersion "1"]
[SourceVersionDate "2010.11.26"]
[SourceQuality "1"]

1. e4 c6 2. d4 d5 3. f3 e6 4. Bf4 Bd6 5. e5 Bb4+ 6. c3 Bf8 7. Bd3 b6 8. Ne2 Ba6 9. Bc2 Bxe2 10. Qxe2 Ne7 11. Bg5 Qc7 12. 0-0 Nd7 13. a4 a6 14. Bd3 Qb7 15. Na3 g6 16. b4 h6 17. Bh4 Nf5 18. Bf2 Be7 19. Nc2 a5 20. b5 c5 21. c4 cxd4 22. cxd5 exd5 23. e6 Nc5 24. Bxd4 Rg8 25. exf7+ Kxf7 26. Rfe1 Qd7 27. Qd2 Nb3 28. Qf4 Ke8 29. Bf6 Rf8 30. Qe5 Kf7 31. Bxe7 1-0

[Event "Rennes op 2nd"]
[Site "Rennes"]
[Date "2009.07.15"]
[Round "1"]
[White "Jouneau, Quentin"]
[Black "Song, Julien"]
[Result "1/2-1/2"]
[WhiteElo "2007"]
[BlackElo "2319"]
[PlyCount "83"]
[EventDate "2009.07.15"]
[EventType "swiss"]
[EventRounds "9"]
[EventCountry "FRA"]
[SourceTitle "EXT 2011"]
[Source "ChessBase"]
[SourceDate "2010.11.26"]
[SourceVersion "1"]
[SourceVersionDate "2010.11.26"]
[SourceQuality "1"]

1. e4 e6 2. Qe2 c5 3. g3 Nc6 4. Nf3 g6 5. Bg2 Bg7 6. d3 Nge7 7. c3 d6 8. 0-0 0-0 9. Bg5 e5 10. Re1 h6 11. Be3 Be6 12. Nbd2 f5 13. exf5 Nxf5 14. d4 cxd4 15. cxd4 Nxe3 16. Qxe3 Qb6 17. Nxe5 dxe5 18. d5 Qxe3 19. Rxe3 Rad8 20. dxc6 Rxd2 21. cxb7 Rdxf2 22. Rc1 Rxb2 23. Be4 Bf5 24. Bd5+ Kh8 25. Rec3 h5 26. Rc8 Bxc8 27. bxc8Q Rxc8 28. Rxc8+ Kh7 29. Rc7 a5 30. Bb3 Kh6 31. Rc6 e4 32. Bc2 Bd4+ 33. Kf1 Rxa2 34. Bxe4 Kg7 35. Rxg6+ Kf7 36. Bd5+ Kxg6 37. Bxa2 a4 38. Kg2 a3 39. Kf3 Kf5 40. h3 Ke5 41. h4 Kf5 42. Bb1+ 1/2-1/2

[Event "FRA-ch op-A"]
[Site "Pau"]
[Date "2008.08.17"]
[Round "6"]
[White "Lachique, Francois"]
[Black "Jouneau, Quentin"]
[Result "0-1"]
[WhiteElo "2104"]
[BlackElo "1978"]
[PlyCount "86"]
[EventDate "2008.08.11"]
[EventType "swiss"]
[EventRounds "9"]
[EventCountry "FRA"]
[SourceTitle "CBM 126 Extra"]
[Source "ChessBase"]
[SourceDate "2008.11.05"]
[SourceVersion "1"]
[SourceVersionDate "2008.11.05"]
[SourceQuality "1"]

1. d4 Nf6 2. c4 c5 3. d5 e6 4. Nc3 exd5 5. cxd5 Bd6 6. Nf3 0-0 7. Bg5 Re8 8. Nd2 Be5 9. Nc4 Bxc3+ 10. bxc3 d6 11. a4 h6 12. Bxf6 Qxf6 13. Qd2 b6 14. e3 Qg6 15. f3 Ba6 16. Bd3 Qg5 17. 0-0-0 Bxc4 18. Bxc4 Rxe3 19. Bb5 a6 20. h4 Rxc3+ 21. Kb2 Qxd2+ 22. Rxd2 Re3 23. Bc6 Ra7 24. Kc2 Rc7 25. Ba8 b5 26. axb5 axb5 27. Ra1 Ree7 28. Ra5 Ra7 29. Rxa7 Rxa7 30. Bc6 Ra2+ 31. Kc1 Rxd2 32. Kxd2 b4 33. Kd3 Kf8 34. Ba4 Ke7 35. Kc4 Nd7 36. Kb5 g5 37. hxg5 hxg5 38. Bb3 f5 39. Bc2 f4 40. Be4 Nf6 41. Kc6 Nxe4 42. fxe4 Kd8 43. Kxd6 b3 0-1

[Event "FRA-ch op-A"]
[Site "Pau"]
[Date "2008.08.16"]
[Round "5"]
[White "Jouneau, Quentin"]
[Black "Sauvadet, Herve"]
[Result "1/2-1/2"]
[WhiteElo "1978"]
[BlackElo "2041"]
[PlyCount "124"]
[EventDate "2008.08.11"]
[EventType "swiss"]
[EventRounds "9"]
[EventCountry "FRA"]
[SourceTitle "CBM 126 Extra"]
[Source "ChessBase"]
[SourceDate "2008.11.05"]
[SourceVersion "1"]
[SourceVersionDate "2008.11.05"]
[SourceQuality "1"]

1. e4 e5 2. Nf3 Nc6 3. d4 exd4 4. c3 d5 5. exd5 Qxd5 6. cxd4 Bg4 7. Be2 0-0-0 8. Nc3 Bb4 9. Be3 Nf6 10. 0-0 Bxc3 11. bxc3 Ne4 12. Qc2 Rhe8 13. Rab1 f5 14. Qb2 b6 15. Ba6+ Kb8 16. c4 Qd7 17. d5 Na5 18. Nd4 Nd6 19. c5 Ndc4 20. Qb4 Qxd5 21. Rbc1 Rxe3 22. Bxc4 Nxc4 23. cxb6 cxb6 24. fxe3 Nxe3 25. Nc6+ Ka8 26. Rf2 Rc8 27. Rd2 Rxc6 28. Rxc6 Qxc6 29. Qf8+ Kb7 30. Qe7+ Ka6 31. Qxe3 f4 32. Qxf4 Be6 33. h3 Qc5+ 34. Qf2 Qc1+ 35. Qf1+ Qxf1+ 36. Kxf1 Kb5 37. Ke1 Kb4 38. Kd1 Ka3 39. Kc2 Bxa2 40. Rd7 a5 41. g4 b5 42. Rxg7 b4 43. Rxh7 a4 44. Re7 Bc4 45. Kb1 Bd3+ 46. Ka1 Kb3 47. g5 a3 48. h4 Kc3 49. Rc7+ Kd4 50. Ka2 Bc4+ 51. Rxc4+ Kxc4 52. g6 b3+ 53. Kxa3 Kc3 54. g7 b2 55. g8Q b1Q 56. Qg7+ Kc4 57. Qc7+ Kd5 58. Qd7+ Ke5 59. Qe7+ Kd5 60. Qg5+ Kc4 61. Qg4+ Kd5 62. Qg2+ Ke5 1/2-1/2

[Event "La Fere op 7th"]
[Site "La Fere"]
[Date "2008.07.07"]
[Round "4"]
[White "Jouneau, Quentin"]
[Black "Eeckhout, Jean Louis"]
[Result "0-1"]
[WhiteElo "1978"]
[BlackElo "1771"]
[PlyCount "82"]
[EventDate "2008.07.05"]
[EventType "swiss"]
[EventRounds "9"]
[EventCountry "FRA"]
[SourceTitle "CBM 125 Extra"]
[Source "ChessBase"]
[SourceDate "2008.09.01"]
[SourceVersion "1"]
[SourceVersionDate "2008.09.01"]
[SourceQuality "1"]

1. e4 c5 2. Nf3 d6 3. d4 cxd4 4. Nxd4 Nf6 5. Nc3 a6 6. g3 g6 7. Bg2 Bg7 8. a4 Nc6 9. Nxc6 bxc6 10. e5 Nd7 11. Bxc6 Rb8 12. exd6 e6 13. 0-0 0-0 14. Qe2 Rb6 15. Bg2 Rxd6 16. Ne4 Rb6 17. c3 a5 18. Qc2 f5 19. Bg5 Qc7 20. Nd2 Ba6 21. Rfe1 Ne5 22. Bf4 g5 23. Bxg5 Nd3 24. Reb1 Rfb8 25. Ra2 Bd4 26. Nf3 Bxf2+ 27. Kh1 Bxg3 28. hxg3 Qxg3 29. Be3 R6b7 30. b4 Bc4 31. b5 Rg7 32. Bg1 Rg6 33. Bh2 Rh6 34. Kg1 Rxh2 35. Nxh2 Qe3+ 36. Kh1 Bxa2 37. Ra1 Bc4 38. Bf3 Kh8 39. Qe2 Qc5 40. Qd2 Rg8 41. Qh6 Qg1+ 0-1

[Event "La Fere op 7th"]
[Site "La Fere"]
[Date "2008.07.06"]
[Round "3"]
[White "Wirig, Anthony"]
[Black "Jouneau, Quentin"]
[Result "1-0"]
[WhiteElo "2456"]
[BlackElo "1978"]
[PlyCount "105"]
[EventDate "2008.07.05"]
[EventType "swiss"]
[EventRounds "9"]
[EventCountry "FRA"]
[SourceTitle "CBM 125 Extra"]
[Source "ChessBase"]
[SourceDate "2008.09.01"]
[SourceVersion "1"]
[SourceVersionDate "2008.09.01"]
[SourceQuality "1"]

1. c4 c6 2. Nf3 Nf6 3. Nc3 d5 4. e3 a6 5. Qc2 Qc7 6. d4 Nbd7 7. Bd2 e5 8. cxd5 cxd5 9. Rc1 exd4 10. Nxd4 Bd6 11. Nxd5 Qxc2 12. Nxf6+ Nxf6 13. Rxc2 Ne4 14. Bd3 Nxd2 15. Kxd2 g6 16. Be4 0-0 17. Ke2 Ra7 18. Rd1 Be5 19. Rc5 Bg7 20. Rdc1 Bd7 21. Rc7 Bb5+ 22. Bd3 Be5 23. R7c5 Re8 24. Bxb5 axb5 25. a3 b4 26. Rc8 Kf8 27. Rxe8+ Kxe8 28. axb4 Ra4 29. Rc4 Ra2 30. Rc2 Ra4 31. Nf3 Bf6 32. Ne1 Rxb4 33. Nd3 Rb3 34. Kd2 Rb6 35. g3 Bg7 36. h4 h5 37. b4 Kd7 38. e4 Bd4 39. Rc4 Rd6 40. Ke2 b5 41. Rc2 Bb6 42. f3 Ke7 43. Nf4 Kd7 44. Nd5 Kd8 45. Nxb6 Rxb6 46. Rc5 Ke7 47. Ke3 Ke6 48. Rd5 f6 49. g4 hxg4 50. fxg4 Ke7 51. h5 g5 52. e5 Ke6 53. Rd6+ 1-0

[Event "FRA-chT3 Gr06 0607"]
[Site "France"]
[Date "2007.02.11"]
[Round "6.2"]
[White "Jolly, Jean Francois"]
[Black "Jouneau, Quentin"]
[Result "1-0"]
[WhiteElo "2289"]
[BlackElo "1924"]
[PlyCount "65"]
[EventDate "2006.10.15"]
[EventType "team"]
[EventRounds "9"]
[EventCountry "FRA"]
[SourceTitle "EXT 2008"]
[Source "ChessBase"]
[SourceDate "2007.11.25"]
[SourceVersion "1"]
[SourceVersionDate "2007.11.25"]
[SourceQuality "1"]
[WhiteTeam "Quimper"]
[BlackTeam "Rennes Paul Bert II"]
[WhiteTeamCountry "FRA"]
[BlackTeamCountry "FRA"]

1. e4 c5 2. Nf3 Nc6 3. Nc3 d6 4. d4 cxd4 5. Nxd4 Nf6 6. Bg5 e5 7. Bxf6 gxf6 8. Nf5 Bxf5 9. exf5 Nd4 10. Qxd4 exd4 11. Bb5+ Qd7 12. Bxd7+ Kxd7 13. Ne2 d3 14. cxd3 Bh6 15. f4 Rhe8 16. Kf2 Rac8 17. Rac1 a6 18. g3 d5 19. Rxc8 Rxc8 20. Rc1 Rc6 21. Rxc6 bxc6 22. d4 Bf8 23. Ke3 Bb4 24. Nc1 a5 25. Nd3 Be7 26. a4 Kc7 27. g4 Kb6 28. Kd2 h6 29. Kc3 Bd6 30. h4 Be7 31. Nc5 Kc7 32. b4 Bd6 33. g5 1-0

[Event "Fouesnant op 12th"]
[Site "Fouesnant"]
[Date "2006.11.03"]
[Round "8"]
[White "Jouneau, Quentin"]
[Black "Baugin, Alain"]
[Result "0-1"]
[WhiteElo "1891"]
[BlackElo "2110"]
[PlyCount "78"]
[EventDate "2006.10.28"]
[EventType "swiss"]
[EventRounds "9"]
[EventCountry "FRA"]
[SourceTitle "EXT 2008"]
[Source "ChessBase"]
[SourceDate "2007.11.25"]
[SourceVersion "1"]
[SourceVersionDate "2007.11.25"]
[SourceQuality "1"]

1. e4 e6 2. Qe2 c5 3. g3 Nc6 4. c3 d5 5. d3 Nf6 6. Bg2 dxe4 7. dxe4 Be7 8. Nf3 0-0 9. 0-0 a6 10. e5 Nd7 11. h4 Qc7 12. Bf4 b5 13. Re1 Bb7 14. Nbd2 c4 15. Nf1 Nc5 16. N1h2 Nd3 17. Ng4 Nxf4 18. gxf4 Rad8 19. Ng5 Na5 20. Be4 Bxg5 21. hxg5 Bxe4 22. Qxe4 Qc6 23. Qe2 Rd3 24. Ne3 Rfd8 25. Rad1 Qe4 26. Qg4 Nc6 27. f3 Rxd1 28. fxe4 Rxe1+ 29. Kf2 Rb1 30. Qe2 Rd3 31. Qc2 Rh1 32. Kg2 Re1 33. Ng4 Red1 34. Nf2 R1d2 35. Qc1 Re2 36. Kf1 Rdd2 37. Nd1 Rh2 38. Kg1 Rdg2+ 39. Kf1 Rc2 0-1